Время кулис и фортуны; Биржевая лихорадка в дореволюционном Санкт-Петербурге; Родина; № 1

Podrobná bibliografie
Parent link:Родина: исторический иллюстрированный журнал/ Российская Федерация, Президент, Администрация.— , 1989-.— 0235-7089
№ 1.— 2002.— С. 58-62
Hlavní autor: Лизунов П. Павел
Jazyk:ruština
Vydáno: 2002
Edice:Былое
Témata:
Médium: Kapitola
KOHA link:https://koha.lib.tpu.ru/cgi-bin/koha/opac-detail.pl?biblionumber=381158

MARC

LEADER 00000naa2a2200000 4500
001 381158
005 20231101062807.0
035 |a (RuTPU)RU\TPU\prd\3346 
090 |a 381158 
100 |a 20020422a2002 k y0rusy50 ca 
101 0 |a rus 
102 |a RU 
200 1 |a Время кулис и фортуны  |a Биржевая лихорадка в дореволюционном Санкт-Петербурге  |f П. Лизунов 
225 1 |a Былое 
461 1 |0 (RuTPU)RU\TPU\prd\1710  |x 0235-7089  |t Родина  |o исторический иллюстрированный журнал  |f Российская Федерация, Президент, Администрация  |d 1989- 
463 1 |0 (RuTPU)RU\TPU\prd\1916  |t № 1  |v С. 58-62  |d 2002 
610 1 |a биржи 
610 1 |a дореволюционный Санкт-Петербург 
610 1 |a Россия 
700 1 |a Лизунов  |b П.  |g Павел 
801 1 |a RU  |b 63413507  |c 20020422  |g PSBO 
801 2 |a RU  |b 63413507  |c 20140218  |g PSBO 
942 |c BK